00513nam a2200181 a 4500001001300000003000900013005001700022008004100039020002300080082001500103100001700118245006600135260003700201300000900238500003500247650003200282700001700314nice12345678IN_TiNIC20260116014348.0100326s2008 seca grp 000 0 eng  a9788173628269c14900a253.5bMAT aMathew, Alex aBeyond Techniquesb Abiding Facts About Christian Counselling aSec-Bad bAuthentic Books c2008 a263p aincludes index and biblioraphy aCounselling-Religion Aspect1 aMathew, Alex